000 00371cam a2200145ua 4500
020 _a9788170083658
082 _a519.062
_bBAL/TE
100 _aBali, N.P; .
_91360
100 _aGoyal, Manish .
_91361
245 _aText book of Engineering Mathematics /
250 _a7 / 8 th
260 _aNew Delhi :
_bLaxmi Publications ,
_c2007.
300 _a1530
942 _cBK
999 _c12976
_d12976